000 00836nam a2200205Ia 4500
003 Ost
005 20260507075634.0
008 260507s9999||||xx |||||||||||||| ||und||
040 _cfsecg
041 _aara
082 _a658
100 _aجلال، ابراهيم العبد
_eمؤلف
245 0 _aإدارة الأعمال :
_bمدخل اتخاذ القرارات وبناء المهارات الإدارة والمديرين /
_c ابراهيم العبد جلال
260 _aالإسكندرية:
_bدار الجامعة الجديدة,
_c2003
300 _a350 صفحة؛
_bإيضاحات ؛
_c23 سم
520 _aالإدارة والمديرين- وظائف الإدارة- المهارات الإدارية
653 _aإدارة الاعمال
653 _aالمهارات الإدارية
942 _cكتاب
999 _c45266
_d45266